| 000 | 00772nam a2200205 i 4500 | ||
|---|---|---|---|
| 001 | 170192 | ||
| 003 | ES-MaACL | ||
| 005 | 20230906214321.0 | ||
| 008 | 090210s1959 fr |||| | fre d | ||
| 080 | _a27"00/03" | ||
| 100 | 0 |
_aAlfaric, Prosper. _919796 |
|
| 245 | 1 | 0 |
_aOrigines sociales du christianisme / _cProsper Alfaric ; ouvrage inédit présenté par Jacqueline Marchand ; préface de M. Jean Sarrailh. |
| 260 |
_aParis : _bL'Union Rationaliste, _c[1959] |
||
| 300 |
_aVII, 389 p., [1] h. de lám. ; _c23 cm. |
||
| 500 | _aÍndice. | ||
| 650 |
_aCristianismo- _xHistoria- _yS.I-VI. _9163038 |
||
| 700 | 1 |
_aMarchand, Jacqueline. _9139409 |
|
| 700 | 1 |
_aSarrailh, Jean. _9103846 |
|
| 852 | 4 |
_aES-MaACL _jE-12439 _9R.140607 _z. - Biblioteca Jacinto Martínez Lacalle |
|
| 999 |
_c170192 _d170192 |
||